000 00213nam a22000857a 4500
008 170104b xxu||||| |||| 00| 0 eng d
100 _92272
_aVijaya
245 _aGeneral Knowledge Time-1
260 _aNew Delhi
_bGBP
_c2010
999 _c5159
_d5159